|
|
|
|
| LEADER |
00943nam a2200217 a 4500 |
| 001 |
205823 |
| 008 |
091108r19601976 enk 000 1 eng d |
| 020 |
|
|
|a 5860108743
|
| 040 |
|
|
|a MCW
|c MCW
|d IPL
|
| 082 |
0 |
0 |
|a 823/.914
|2 18
|
| 100 |
1 |
|
|a Sartre, Jean-Paul,
|d 1905-1980.
|
| 245 |
1 |
0 |
|a Intimacy /
|c Jean-Paul Sartre ; translated by Lloyd Alexander.
|
| 260 |
|
|
|a London :
|b Panther,
|c 1960.[reprinted 1976]
|
| 300 |
|
|
|a 220 p. ;
|c 18 cm.
|
| 505 |
0 |
|
|a Intimacy.--The wall.--The room.--Erostratus.--The childhood of a leader.
|
| 541 |
1 |
|
|e 00019509
|
| 650 |
|
0 |
|a Man-woman relationships
|z England
|v Fiction
|
| 700 |
1 |
0 |
|a Alexander, Lloyd.
|
| 852 |
4 |
|
|a Ayesha Abed Library
|j General Shelf.
|
| 999 |
|
|
|c 5263
|d 5263
|
| 952 |
|
|
|0 0
|1 0
|2 ddc
|4 0
|6 823_914000000000000_SAR_1967
|7 0
|9 5108
|a BRACUL
|b BRACUL
|c GEN
|d 2009-11-05
|l 5
|m 43
|o 823.914 SAR
|p 3010019509
|q 2026-06-02
|r 2026-05-17
|s 2026-05-17
|t 1
|w 2009-11-09
|y BK
|x Transferred from ENH to Ayesha Abed library on 20/12/2023
|